Antoine Lavoisier, the next crucial year, or The sources of his quantitative method in chemistry / (Record no. 1079)

000 -LEADER
fixed length control field 01494nam a22003737a 4500
001 - CONTROL NUMBER
control field 3542357
003 - CONTROL NUMBER IDENTIFIER
control field OSt
005 - DATE AND TIME OF LATEST TRANSACTION
control field 20210426125505.0
008 - FIXED-LENGTH DATA ELEMENTS--GENERAL INFORMATION
fixed length control field 970402s1998 nju b 001 0beng
010 ## - LIBRARY OF CONGRESS CONTROL NUMBER
LC control number 97013566
020 ## - INTERNATIONAL STANDARD BOOK NUMBER
International Standard Book Number 0691016879 (cloth : alk. paper)
040 ## - CATALOGING SOURCE
Original cataloging agency DLC
Transcribing agency DLC
Modifying agency DLC
043 ## - GEOGRAPHIC AREA CODE
Geographic area code e-fr---
050 00 - LIBRARY OF CONGRESS CALL NUMBER
Classification number QD22.L4
Item number H65 1998
080 ## - UNIVERSAL DECIMAL CLASSIFICATION NUMBER
Universal Decimal Classification number 001
Item number H-75
082 00 - DEWEY DECIMAL CLASSIFICATION NUMBER
Classification number 540/.92
-- B
Edition number 21
100 1# - MAIN ENTRY--PERSONAL NAME
Personal name Holmes, Frederic Lawrence.
245 10 - TITLE STATEMENT
Title Antoine Lavoisier, the next crucial year, or The sources of his quantitative method in chemistry /
Statement of responsibility, etc. Frederic Lawrence Holmes.
246 30 - VARYING FORM OF TITLE
Title proper/short title Antoine Lavoisier, the next crucial year
246 30 - VARYING FORM OF TITLE
Title proper/short title Sources of his quantitative method in chemistry
260 ## - PUBLICATION, DISTRIBUTION, ETC.
Place of publication, distribution, etc. Princeton, N.J. :
Name of publisher, distributor, etc. Princeton University Press,
Date of publication, distribution, etc. c1998.
300 ## - PHYSICAL DESCRIPTION
Extent vii, 184 p. ;
Dimensions 25 cm.
504 ## - BIBLIOGRAPHY, ETC. NOTE
Bibliography, etc. note Includes bibliographical references (p. 157-180) and index.
600 10 - SUBJECT ADDED ENTRY--PERSONAL NAME
Personal name Lavoisier, Antoine Laurent,
Dates associated with a name 1743-1794.
650 #0 - SUBJECT ADDED ENTRY--TOPICAL TERM
Topical term or geographic name entry element Chemists
Geographic subdivision France
General subdivision Biography.
650 #0 - SUBJECT ADDED ENTRY--TOPICAL TERM
Topical term or geographic name entry element Chemistry
Geographic subdivision France
General subdivision History
Chronological subdivision 18th century.
650 #0 - SUBJECT ADDED ENTRY--TOPICAL TERM
Topical term or geographic name entry element Creative ability in science.
653 ## - INDEX TERM--UNCONTROLLED
Uncontrolled term მეცნიერება
856 42 - ELECTRONIC LOCATION AND ACCESS
Materials specified Publisher description
Uniform Resource Identifier <a href="http://www.loc.gov/catdir/description/prin031/97013566.html">http://www.loc.gov/catdir/description/prin031/97013566.html</a>
856 41 - ELECTRONIC LOCATION AND ACCESS
Materials specified Table of contents
Uniform Resource Identifier <a href="http://www.loc.gov/catdir/toc/prin031/97013566.html">http://www.loc.gov/catdir/toc/prin031/97013566.html</a>
906 ## - LOCAL DATA ELEMENT F, LDF (RLIN)
a 7
b cbu
c orignew
d 1
e ocip
f 19
g y-gencatlg
942 ## - ADDED ENTRY ELEMENTS (KOHA)
Source of classification or shelving scheme
Koha item type Books
Holdings
Withdrawn status Lost status Source of classification or shelving scheme Damaged status Not for loan Permanent location Current location Date acquired Inventory number Total Checkouts Full call number Barcode Date last seen Price effective from Koha item type
          Ken Walker International University Ken Walker International University 02/01/2021 566   001 H-75 566 02/01/2021 02/01/2021 Books

Powered by Koha